[Event "34th World Open"]
[Site "Philadelphia USA"]
[Date "2006.06.30"]
[Round "3"]
[White "Kunte,A"]
[Black "Moreno,W"]
[Result "0-1"]
[WhiteElo "2536"]
[BlackElo "2137"]
[EventDate "2006.06.28"]

1. d4 g6 2. e4 Bg7 3. Nf3 c5 4. d5 d6 5. c4 Nf6 6. Nc3 O-O 7. h3 e6 8. Bd3
exd5 9. cxd5 b5 10. Bxb5 Nxe4 11. Nxe4 Qa5+ 12. Nfd2 Qxb5 13. Nxd6 Qa6 14.
N2c4 Nd7 15. O-O Ne5 16. Nxe5 Bxe5 17. Ne4 c4 18. Re1 Rb8 19. Be3 f5 20.
Nc5 Qf6 21. Rc1 Rxb2 22. Rxc4 Rxa2 23. Bd4 Bxd4 24. Rxd4 Ra5 25. Na4 Bd7
26. Nb2 Rc8 27. Nc4 Ba4 28. Qd2 Ra6 29. d6 Rd8 30. Ra1 Bb5 31. Rxa6 Bxa6
32. Na5 Bb5 33. Nb7 Rd7 34. Nc5 Rd8 35. d7 Qf7 36. Rd6 0-1

[Event "34th World Open"]
[Site "Philadelphia USA"]
[Date "2006.06.30"]
[Round "3"]
[White "Murzin,L"]
[Black "Friedel,J"]
[Result "0-1"]
[WhiteElo "2195"]
[BlackElo "2465"]
[EventDate "2006.06.28"]

1. d4 Nf6 2. c4 c5 3. d5 b5 4. cxb5 a6 5. b6 g6 6. Nc3 d6 7. Nf3 Nbd7 8. e4
Bg7 9. Be2 O-O 10. O-O Qxb6 11. Nd2 Qc7 12. Nc4 Nb6 13. Ne3 e6 14. a4 exd5
15. a5 d4 16. axb6 Qd8 17. Nc4 dxc3 18. Qxd6 Nxe4 19. Qc6 Bf5 20. b7 Rb8
21. Rxa6 Bd4 22. Bf4 Nxf2 23. Rxf2 Bxf2+ 24. Kxf2 Qh4+ 25. g3 Qxh2+ 26. Qg2
Qxg2+ 27. Kxg2 cxb2 28. Nxb2 Rxb7 29. Nc4 Re8 30. Kf2 Rb3 31. Be5 Bd7 32.
Ra7 Bb5 33. Nd6 Rb2 34. Bxb2 Rxe2+ 35. Kf3 Rxb2 36. Rc7 Rb3+ 37. Kf4 Be2
38. Ne4 Rf3+ 39. Ke5 Rf5+ 40. Kd6 c4 41. Nc3 Bd3 42. Nd5 Kg7 43. g4 Rg5 44.
Ne3 Be2 45. Nxc4 Bxc4 46. Rxc4 h5 47. gxh5 Rxh5 48. Rf4 Rf5 0-1

[Event "34th World Open"]
[Site "Philadelphia USA"]
[Date "2006.06.30"]
[Round "3"]
[White "Taylor,T"]
[Black "Vijayalakshmi,S"]
[Result "0-1"]
[WhiteElo "2330"]
[BlackElo "2472"]
[EventDate "2006.06.28"]

1. f4 d5 2. Nf3 c5 3. e3 g6 4. Be2 Bg7 5. O-O Nh6 6. d3 Nf5 7. e4 dxe4 8.
dxe4 Nd4 9. Nxd4 cxd4 10. Nd2 Nc6 11. Nf3 O-O 12. a3 Bg4 13. h3 Bxf3 14.
Rxf3 Qb6 15. Kh1 Rac8 16. Bd3 Rfd8 17. b3 a5 18. Bd2 Qc5 19. Qe1 Ra8 20. g4
a4 21. b4 Qb6 22. g5 Nb8 23. h4 Nd7 24. Kg2 Rac8 25. Qf2 Rc7 26. Rh1 Rdc8
27. Bc1 Qe6 28. e5 Nb6 29. Qxd4 Qg4+ 30. Kf2 Rxc2+ 31. Bxc2 Rxc2+ 32. Bd2
Nc4 33. Rd3 b5 34. h5 gxh5 35. Rg1 Qf5 36. Ke2 h4 37. Kd1 Ra2 38. Bc3 h3
39. Qd5 Ne3+ 0-1

[Event "34th World Open"]
[Site "Philadelphia USA"]
[Date "2006.06.30"]
[Round "3"]
[White "Cheng,X"]
[Black "Perelshteyn,E"]
[Result "0-1"]
[WhiteElo "2270"]
[BlackElo "2526"]
[EventDate "2006.06.28"]

1. e4 c5 2. Nf3 g6 3. d4 cxd4 4. Qxd4 Nf6 5. e5 Nc6 6. Qa4 Nd5 7. Qe4 Nb6
8. Nc3 d5 9. exd6 Bf5 10. Qe2 Qxd6 11. Nb5 Qb8 12. Nbd4 Bg7 13. Nxf5 gxf5
14. Qb5 e6 15. Bd3 O-O 16. O-O Rd8 17. Bg5 Rd5 18. Qb3 Qd6 19. Rad1 Na5 20.
Qa3 Qxa3 21. bxa3 Bb2 22. Be7 Nc6 23. Rb1 Nxe7 24. Rxb2 Rc8 25. Nh4 Ng6 26.
Nxg6 hxg6 27. f4 Ra5 28. Rb3 Rc7 29. Re1 Nd7 30. g3 Nc5 31. Rc3 Nxd3 32.
Rxd3 Rxc2 33. Rb1 b6 34. Rb4 Rxa2 35. Rc4 R5xa3 36. Rd8+ Kg7 0-1

[Event "34th World Open"]
[Site "Philadelphia USA"]
[Date "2006.06.30"]
[Round "3"]
[White "Burnett,R"]
[Black "Peric,Sl"]
[Result "1-0"]
[WhiteElo "2390"]
[BlackElo "2288"]
[EventDate "2006.06.28"]

1. e4 e6 2. d4 d5 3. Nc3 dxe4 4. Nxe4 Nd7 5. Nf3 Ngf6 6. Bg5 h6 7. Bxf6
Nxf6 8. Qd3 Qd5 9. Nxf6+ gxf6 10. g3 Bd7 11. Bg2 Bb5 12. Qe3 O-O-O 13. b3
Ba6 14. O-O-O Qa5 15. Kb1 h5 16. Bf1 Bxf1 17. Rhxf1 c5 18. Rd3 Bh6 19. Qe4
cxd4 20. Rxd4 f5 21. Rc4+ Kb8 22. Qe5+ Qxe5 23. Nxe5 Rhf8 24. Nd3 Bg5 25.
h4 Bh6 26. Re1 Rd5 27. a4 Rfd8 28. b4 R8d6 29. Ka2 f6 30. f4 Bg7 31. Kb3 e5
32. Rf1 e4 33. Nb2 a6 34. a5 Bf8 35. Na4 Rc6 36. Nb6 Rd2 37. Re1 Kc7 38.
Re3 Rxc4 39. Nxc4 Rd1 40. Nb6 Rb1+ 41. Ka2 Rf1 42. Nd5+ Kd6 43. c4 Ke6 44.
Rb3 Bd6 45. Kb2 Bb8 46. Ne3 Rf3 47. Nc2 Ba7 48. c5 Rf2 49. Kc3 e3 50. Nxe3
Rf3 51. Kc4 Rxg3 52. Nxf5 Rxb3 53. Nd4+ Kd7 54. Kxb3 Bb8 55. f5 Bg3 56. Ne6
Bxh4 57. Ng7 Bg3 58. Nxh5 Be5 59. Ng7 Kc6 60. Kc4 Bb2 61. Ne6 Be5 62. Nd4+
Kd7 63. Kd5 Kc7 64. b5 axb5 65. Nxb5+ Kd7 66. Na7 Kc7 67. c6 bxc6+ 68. Nxc6
Bc3 69. Kc5 Be1 70. a6 Bf2+ 71. Kb5 Kd6 72. Na5 Ba7 73. Nc4+ Kc7 74. Nb2
Kd6 75. Nd3 Kd5 76. Nb4+ Ke4 77. Nc6 Bf2 78. Ne7 Ke5 79. Kc6 Bg1 80. Kb7
Kd6 81. Ng6 1-0

[Event "34th World Open"]
[Site "Philadelphia USA"]
[Date "2006.07.01"]
[Round "4"]
[White "Becerra Rivero,J"]
[Black "Stripunsky,A"]
[Result "1/2-1/2"]
[WhiteElo "2565"]
[BlackElo "2569"]
[EventDate "2006.06.28"]

1. e4 c5 2. Nf3 e6 3. d4 cxd4 4. Nxd4 a6 5. Nc3 Qc7 6. Be3 Bb4 7. Nde2 Nf6
8. a3 Bc5 9. Bxc5 Qxc5 10. Qd4 Qxd4 11. Nxd4 d6 12. Bc4 b5 13. Ba2 Bb7 14.
f3 Ke7 15. O-O-O Nc6 16. Nxc6+ Bxc6 17. Rd4 g5 18. Rhd1 Rhd8 19. b4 Rd7 20.
Bb3 Rb8 1/2-1/2

[Event "34th World Open"]
[Site "Philadelphia USA"]
[Date "2006.07.01"]
[Round "4"]
[White "Bercys,S"]
[Black "Kacheishvili,G"]
[Result "0-1"]
[WhiteElo "2360"]
[BlackElo "2605"]
[EventDate "2006.06.28"]

1. d4 Nf6 2. Nf3 d5 3. c4 e6 4. Nc3 Bb4 5. e3 O-O 6. Bd3 c5 7. O-O cxd4 8.
exd4 dxc4 9. Bxc4 b6 10. Qe2 Bb7 11. Bg5 Bxc3 12. bxc3 Nbd7 13. Rac1 Qc7
14. Bd3 Ng4 15. Be4 Rac8 16. Bf4 Qxf4 17. Bxb7 Rc7 18. Ba6 Qd6 19. Bd3 Ngf6
20. c4 Nb8 21. Rfd1 Nc6 22. d5 Nb4 23. Nd4 Nxd3 24. Qxd3 Rd7 25. Qf3 exd5
26. Nf5 Qe5 27. Re1 Qb2 28. Rb1 Qxa2 29. Qg3 g6 30. Qe5 Qxf2+ 31. Kxf2 Ng4+
32. Kf3 Nxe5+ 33. Rxe5 gxf5 34. cxd5 Rc8 35. Rxf5 Rc4 36. Ke3 Kg7 37. Kd3
Rg4 38. g3 Rd6 39. Rc1 Kg6 40. Re5 f6 41. Rc6 Rxc6 42. dxc6 fxe5 43. c7
Rd4+ 44. Kc3 Rd5 0-1

[Event "34th World Open"]
[Site "Philadelphia USA"]
[Date "2006.07.01"]
[Round "4"]
[White "Friedel,J"]
[Black "Privman,B"]
[Result "1-0"]
[WhiteElo "2465"]
[BlackElo "2310"]
[EventDate "2006.06.28"]

1. e4 d6 2. d4 e5 3. Nf3 Nd7 4. Bc4 c6 5. O-O Be7 6. dxe5 dxe5 7. Ng5 Bxg5
8. Qh5 Qe7 9. Bxg5 Ngf6 10. Qh4 Nf8 11. Nc3 Be6 12. Bb3 Ng6 13. Qg3 Nh5 14.
Bxe7 Nxg3 15. hxg3 Kxe7 16. f4 Bxb3 17. axb3 Rhd8 18. Na4 Rd2 19. Nb6 Rb8
20. Rxa7 Rxc2 21. Nc4 f6 22. f5 Nf8 23. Rd1 Kf7 24. Nd6+ Kg8 25. Nxb7 Rxb2
26. Nc5 Kh8 27. Rd6 h5 28. Kh2 Kh7 29. g4 Kh6 30. g5+ Kxg5 31. Rxg7+ Kh6
32. Rg3 h4 33. Rxf6+ Kh5 34. Rg7 Rd8 35. Ne6 Nxe6 36. fxe6 Rxb3 37. e7 Re8
38. Rf8 1-0

[Event "34th World Open"]
[Site "Philadelphia USA"]
[Date "2006.07.01"]
[Round "4"]
[White "Muhammad,S"]
[Black "Rouleau,J"]
[Result "1-0"]
[WhiteElo "2384"]
[BlackElo "2273"]
[EventDate "2006.06.28"]

1. d4 Nf6 2. c4 g6 3. Nc3 Bg7 4. e4 d6 5. f3 O-O 6. Be3 e5 7. Nge2 c6 8. d5
Ne8 9. Ng3 f5 10. exf5 gxf5 11. Bf2 c5 12. Bd3 Na6 13. O-O Nac7 14. Qc2 Qf6
15. a3 Kh8 16. Nh5 Qg5 17. Nxg7 Nxg7 18. b4 b6 19. f4 Qxf4 20. Bxc5 Qh6 21.
Bf2 Nce8 22. c5 bxc5 23. bxc5 dxc5 24. Bxc5 Rg8 25. Qe2 e4 26. Bb5 Nf6 27.
Be3 Qg6 28. Bc6 Ngh5 29. Bxa8 Ba6 30. Qf2 Bxf1 31. Rxf1 f4 32. Bd4 Rxa8 33.
Bxf6+ Qxf6 34. Nxe4 Qe5 35. Qc2 Qxd5 36. Qb2+ Kg8 37. Rxf4 Qe6 38. Nf6+
Nxf6 39. Qxf6 Qb6+ 40. Kf1 Qxf6 41. Rxf6 a5 42. Rf5 Kg7 43. g4 Ra6 44. Kf2
Ra7 45. a4 Ra6 46. Kg3 Ra7 47. h4 h6 48. Rc5 Ra8 49. Kf4 Rf8+ 50. Ke4 Re8+
51. Re5 Ra8 52. h5 Kf6 53. Kf4 Ra7 54. Rc5 Ra6 55. Rc7 Rb6 56. Rh7 Rb4+ 57.
Kg3 Rxa4 58. Rxh6+ Kf7 59. Ra6 Ra1 60. Kf4 a4 61. Ra7+ Kf8 62. Kg5 a3 63.
Kg6 a2 64. g5 1-0

[Event "34th World Open"]
[Site "Philadelphia USA"]
[Date "2006.07.01"]
[Round "4"]
[White "Aramil,W"]
[Black "Lenderman,A"]
[Result "1/2-1/2"]
[WhiteElo "2215"]
[BlackElo "2431"]
[EventDate "2006.06.28"]

1. d4 d5 2. Nf3 c6 3. e3 Nf6 4. c4 Bf5 5. Nc3 e6 6. Be2 Nbd7 7. Ne5 Nxe5 8.
dxe5 Nd7 9. cxd5 exd5 10. f4 Bc5 11. O-O h5 12. Bd3 Bxd3 13. Qxd3 Qe7 14.
Rb1 f6 15. b4 Bb6 16. exf6 Nxf6 17. a4 Ng4 18. Rb2 Bxe3+ 19. Bxe3 Qxe3+ 20.
Qxe3+ Nxe3 21. Re1 d4 22. Nd1 O-O 23. Nxe3 dxe3 24. g3 Rfe8 25. Rb3 Rad8
26. Rexe3 Rxe3 27. Rxe3 Rd4 28. Rb3 Kf7 29. Kg2 Ke6 30. Kh3 Kd5 31. Kh4 Kc4
32. Rb1 Rd5 33. h3 Kc3 34. g4 hxg4 35. hxg4 g6 36. a5 a6 37. g5 Rb5 38. Re1
Rxb4 39. Kg4 Rb5 40. Re6 Rxa5 41. Rxg6 Ra1 42. Rh6 Rg1+ 43. Kf5 a5 44. g6
a4 45. Rh5 a3 46. Rg5 Rxg5+ 47. fxg5 a2 48. g7 a1=Q 49. g8=Q Qf1+ 50. Kg4
Qg2+ 51. Kh4 b5 52. g6 b4 53. Qh8+ Kc2 54. g7 Qe4+ 55. Kg5 Qe5+ 56. Kg6
Qe6+ 57. Kg5 Qe5+ 58. Kh6 Qe6+ 1/2-1/2

[Event "34th World Open"]
[Site "Philadelphia USA"]
[Date "2006.07.01"]
[Round "4"]
[White "Zlotnikov,M"]
[Black "Arnold,M"]
[Result "1/2-1/2"]
[WhiteElo "2364"]
[BlackElo "2105"]
[EventDate "2006.06.28"]

1. c4 Nf6 2. Nc3 c5 3. g3 e6 4. Nf3 b6 5. Bg2 Bb7 6. O-O d6 7. d4 cxd4 8.
Qxd4 a6 9. b3 Nbd7 10. Bb2 Qc7 11. Ng5 Bxg2 12. Kxg2 Be7 13. Nge4 O-O 14.
Rfd1 Rfd8 15. Rac1 Nc5 16. f3 Ncxe4 17. Nxe4 Qb7 18. Ba3 Nxe4 19. fxe4 Bf6
20. Qd3 Be5 21. Qf3 Rac8 22. Rd2 Qc7 1/2-1/2

[Event "34th World Open"]
[Site "Philadelphia USA"]
[Date "2006.07.01"]
[Round "4"]
[White "Gagunashvili,M"]
[Black "Higgins,S"]
[Result "1-0"]
[WhiteElo "2560"]
[BlackElo "2088"]
[EventDate "2006.06.28"]

1. d4 f5 2. g3 Nf6 3. Bg2 d6 4. Nf3 g6 5. c3 Bg7 6. Qb3 c6 7. Nbd2 Qb6 8.
Nc4 Qxb3 9. axb3 Na6 10. Na5 Ne4 11. Nd2 Nxd2 12. Bxd2 Kf7 13. b4 Nc7 14.
O-O Rb8 15. e4 fxe4 16. Bxe4 Bf5 17. Bxf5 gxf5 18. Rfe1 Rhe8 19. Kg2 e5 20.
dxe5 dxe5 21. Be3 Nb5 22. Red1 Ke6 23. Nb3 a6 24. Nc5+ Kf7 25. Rd7+ Re7 26.
Rxe7+ Kxe7 27. Rd1 Nd6 28. Bg5+ 1-0

[Event "34th World Open"]
[Site "Philadelphia USA"]
[Date "2006.07.01"]
[Round "4"]
[White "Milovanovic,R"]
[Black "Hansen,Mart"]
[Result "1-0"]
[WhiteElo "2410"]
[BlackElo "2023"]
[EventDate "2006.06.28"]

1. e4 e6 2. d4 d5 3. Nd2 dxe4 4. Nxe4 Bd7 5. Nf3 Bc6 6. Bd3 Nd7 7. O-O Bxe4
8. Bxe4 c6 9. Qe2 Ngf6 10. Bd3 Be7 11. c3 O-O 12. Rd1 Qc7 13. Ne5 Nxe5 14.
dxe5 Nd5 15. h4 Rfd8 16. Bc2 Nb6 17. Re1 Nd7 18. h5 a5 19. Qe4 g6 20. Qf4
Bf8 21. Qg3 Bg7 22. f4 a4 23. a3 Nc5 24. Be3 Nb3 25. Rad1 Rxd1 26. Rxd1 Rd8
27. Qf3 Rd7 28. Qe4 Rxd1+ 29. Bxd1 b5 30. c4 bxc4 31. Qxc4 Qa5 32. Kf2 Qd5
33. Qxd5 exd5 34. Bxb3 axb3 35. a4 g5 36. g3 gxf4 37. gxf4 f6 38. a5 fxe5
39. a6 d4 40. a7 dxe3+ 41. Kxe3 exf4+ 42. Kxf4 1-0

[Event "34th World Open"]
[Site "Philadelphia USA"]
[Date "2006.07.01"]
[Round "4"]
[White "Zhao,P"]
[Black "Sarkar,J"]
[Result "0-1"]
[WhiteElo "2154"]
[BlackElo "2355"]
[EventDate "2006.06.28"]

1. e4 g6 2. d4 Bg7 3. Nf3 d6 4. Be3 Nd7 5. Nc3 a6 6. Qd2 b5 7. Bd3 Bb7 8.
O-O c5 9. Rfe1 Rc8 10. a3 cxd4 11. Bxd4 Ngf6 12. Qe2 O-O 13. a4 e5 14. Be3
b4 15. Na2 a5 16. Nd2 d5 17. Bg5 Nc5 18. Bxf6 Bxf6 19. Nc1 Bg5 20. Ncb3
dxe4 21. Nxc5 exd3 22. Nxb7 dxe2 23. Nxd8 Bxd2 24. Nb7 Bxe1 25. Rxe1 Rxc2
26. Nxa5 e4 27. Nb3 Rd8 28. f3 e3 0-1

[Event "34th World Open"]
[Site "Philadelphia USA"]
[Date "2006.07.01"]
[Round "4"]
[White "Mirabile,T"]
[Black "Onyekwere,C"]
[Result "1/2-1/2"]
[WhiteElo "2204"]
[BlackElo "2075"]
[EventDate "2006.06.28"]

1. e4 c5 2. Nf3 d6 3. d4 cxd4 4. Nxd4 Nf6 5. Nc3 a6 6. Bc4 e6 7. Bb3 b5 8.
O-O Be7 9. Qf3 Qc7 10. Qg3 Nc6 11. Nxc6 Qxc6 12. Re1 Bb7 13. Bg5 O-O 14.
Rad1 Rad8 15. Rd3 b4 16. Nd5 exd5 17. exd5 Qd7 18. Rxe7 Qxe7 19. Re3 Qxe3
20. fxe3 Ne4 21. Qh4 Nxg5 22. Qxg5 Rfe8 23. Ba4 Rf8 24. e4 f6 25. Qe3 Bc8
26. Qb6 Bd7 27. Bxd7 Rxd7 28. Qxb4 f5 29. h3 g6 30. b3 Rff7 31. exf5 Rxf5
32. c4 h5 33. Qb6 Kf7 34. Qxa6 h4 35. Qc8 Re7 36. Qh8 Re1+ 37. Kh2 g5 38.
Qh7+ Kf6 39. Qh6+ Kf7 40. Qh7+ Kf6 1/2-1/2

[Event "34th World Open"]
[Site "Philadelphia USA"]
[Date "2006.07.01"]
[Round "4"]
[White "Vijayalakshmi,S"]
[Black "Kunte,A"]
[Result "0-1"]
[WhiteElo "2472"]
[BlackElo "2536"]
[EventDate "2006.06.28"]

1. d4 Nf6 2. c4 e6 3. Nc3 Bb4 4. Qc2 O-O 5. a3 Bxc3+ 6. Qxc3 d6 7. Bg5 Nbd7
8. Qc2 h6 9. Bh4 b6 10. e4 Bb7 11. Bd3 c5 12. d5 exd5 13. exd5 b5 14. b3
bxc4 15. bxc4 Ne5 16. Bxf6 Qxf6 17. Rb1 Bc8 18. Rd1 Rb8 19. Ne2 Rb2 20.
Bh7+ Kh8 21. Qxb2 Nf3+ 22. gxf3 Qxb2 23. Bd3 Re8 24. Rd2 Qc1+ 25. Rd1 Qc3+
26. Rd2 Bd7 27. Be4 Qa1+ 28. Rd1 Qxa3 29. O-O Rxe4 30. fxe4 Qf3 31. Nf4
Qxf4 32. f3 a5 0-1

[Event "34th World Open"]
[Site "Philadelphia USA"]
[Date "2006.07.02"]
[Round "5"]
[White "Stripunsky,A"]
[Black "Perelshteyn,E"]
[Result "1-0"]
[WhiteElo "2569"]
[BlackElo "2526"]
[EventDate "2006.06.28"]

1. Nf3 c5 2. b3 Nc6 3. Bb2 d6 4. e4 e5 5. Bb5 Nge7 6. O-O a6 7. Bxc6+ Nxc6
8. Nc3 g6 9. Nd5 Bg7 10. d3 O-O 11. Nd2 Ne7 12. Nxe7+ Qxe7 13. Nc4 Be6 14.
Nb6 Rae8 15. a4 f5 16. f3 f4 17. c4 g5 18. Bc3 h5 19. b4 g4 20. bxc5 dxc5
21. Nd5 Qd8 22. Rb1 Rf7 23. a5 Qg5 24. Rb6 Bh6 25. Qa4 Bd7 26. Nf6+ Qxf6
27. Rxf6 Bxa4 28. Rxh6 Rh7 29. Rg6+ Rg7 30. Rxg7+ Kxg7 31. fxg4 Kh6 32.
gxh5 Bc2 33. Rf3 Kxh5 34. Kf1 Bd1 35. Rf2 Bg4 36. Rb2 Rd8 37. Bxe5 f3 38.
h3 fxg2+ 39. Kxg2 Bc8 40. Rb3 Rg8+ 41. Bg3 Rd8 42. Bf2 Rg8+ 43. Kf3 Bxh3
44. Bxc5 Bc8 45. Rb6 Rg6 46. Rxg6 Kxg6 47. d4 Bh3 48. Be7 Kf7 49. Bh4 Bf1
50. c5 Ke6 51. d5+ Ke5 52. Ke3 Bg2 53. Bg3+ Kf6 54. Kd4 Ke7 55. Bh4+ Kd7
56. e5 Bh3 57. e6+ Bxe6 58. dxe6+ Kxe6 59. Ke4 Kd7 60. Kd5 Kc8 61. Kd6 Kb8
62. Kd7 1-0

[Event "34th World Open"]
[Site "Philadelphia USA"]
[Date "2006.07.02"]
[Round "5"]
[White "Kunte,A"]
[Black "Burnett,R"]
[Result "1-0"]
[WhiteElo "2536"]
[BlackElo "2390"]
[EventDate "2006.06.28"]

1. Nf3 Nf6 2. c4 e6 3. d4 b6 4. g3 Bb7 5. Bg2 Be7 6. O-O O-O 7. Re1 d5 8.
cxd5 exd5 9. Nc3 Na6 10. Bf4 c5 11. dxc5 bxc5 12. Ne5 Nc7 13. Nc4 Ne6 14.
Be5 Ne4 15. Ne3 d4 16. Nxe4 dxe3 17. Qxd8 exf2+ 18. Nxf2 Nxd8 19. Bxb7 Nxb7
20. Red1 Na5 21. Rac1 Rfe8 22. Kf1 Nc6 23. Bd6 Nd4 24. Bxe7 Rxe7 25. Rxc5
Ne6 26. Rc4 f6 27. Ne4 Nf8 28. Nc3 Ng6 29. Rcd4 Ne5 30. Rd8+ Re8 31. Rxa8
Rxa8 32. Rd5 Rb8 33. Rb5 Rxb5 34. Nxb5 a6 35. Nd4 Kf7 36. Ke1 Nc4 37. b3
Ne3 38. Nf3 g5 39. Kd2 Nf1+ 40. Kd3 Kg6 41. e4 Kh5 42. Ke2 Kg4 43. Kf2 1-0

[Event "34th World Open"]
[Site "Philadelphia USA"]
[Date "2006.07.02"]
[Round "5"]
[White "Paschall,W"]
[Black "Friedel,J"]
[Result "1/2-1/2"]
[WhiteElo "2352"]
[BlackElo "2465"]
[EventDate "2006.06.28"]

1. d4 Nf6 2. c4 e6 3. Nf3 c5 4. d5 b5 5. Bg5 exd5 6. cxd5 d6 7. e4 a6 8. a4
Be7 9. Bxf6 Bxf6 10. axb5 Bxb2 11. Ra2 Bf6 12. Bd3 O-O 13. O-O Bb7 14. Nbd2
axb5 15. Rxa8 Bxa8 16. Bxb5 Nd7 17. Qb3 Ne5 18. Nxe5 Bxe5 19. Nf3 Qe7 20.
Qd3 g5 21. Nxe5 Qxe5 22. Bd7 Bb7 23. Qe3 Ra8 24. Bf5 h6 25. h4 Qf4 26. Qxf4
gxf4 27. Rb1 Bc8 28. Rb6 Bxf5 29. exf5 Rd8 30. f6 h5 31. Rb7 Kh7 32. Rxf7+
Kg6 33. Re7 Kxf6 34. Re6+ Kf5 35. Kf1 c4 36. Ke2 Ra8 37. Rxd6 Ke4 38. Re6+
Kxd5 39. Rf6 Ke5 40. Rc6 Ra2+ 41. Kf3 Ra3+ 42. Ke2 Kd4 43. Rf6 Ra2+ 44. Kf3
c3 45. Rxf4+ Kd3 46. Rf8 c2 47. Rd8+ Kc3 48. Rc8+ Kb2 49. Rb8+ Ka1 50. Rc8
Kb1 51. Kf4 Ra8 52. Rxa8 c1=Q+ 53. Kg3 Qc6 54. Rg8 Qd6+ 55. f4 Kc2 56. Rg5
Kd2 57. Rxh5 Ke2 58. Ra5 Qf6 59. Ra3 Kf1 60. Kh2 Qxf4+ 61. Kh1 Qxh4+ 62.
Rh3 Qe4 63. Rf3+ Ke2 64. Rh3 1/2-1/2

[Event "34th World Open"]
[Site "Philadelphia USA"]
[Date "2006.07.02"]
[Round "5"]
[White "Sadvakasov,D"]
[Black "Zaikov,O"]
[Result "1-0"]
[WhiteElo "2619"]
[BlackElo "2391"]
[EventDate "2006.06.28"]

1. e4 c5 2. Nf3 d6 3. d4 cxd4 4. Nxd4 Nf6 5. Nc3 a6 6. Be3 b5 7. a4 b4 8.
Nd5 Bb7 9. Nxf6+ gxf6 10. Bd3 Nc6 11. Nxc6 Bxc6 12. a5 Rg8 13. O-O f5 14.
f3 Bg7 15. c3 bxc3 16. bxc3 e6 17. exf5 Be5 18. Rf2 Qh4 19. f4 Bxc3 20. Ra3
Bb4 21. Raa2 Qh3 22. Bd4 Kf8 23. fxe6 Qxe6 24. Bxh7 Rg4 1-0

[Event "34th World Open"]
[Site "Philadelphia USA"]
[Date "2006.07.02"]
[Round "5"]
[White "Cherniack,A"]
[Black "Harika,D"]
[Result "1/2-1/2"]
[WhiteElo "2225"]
[BlackElo "2358"]
[EventDate "2006.06.28"]

1. d4 Nf6 2. c4 e6 3. Nc3 Bb4 4. Qc2 Nc6 5. Nf3 d6 6. a3 Bxc3+ 7. Qxc3 Qe7
8. b4 e5 9. d5 Nb8 10. e3 O-O 11. Be2 Bg4 12. h3 Bh5 13. Bb2 Nbd7 14. O-O
Ne4 15. Qc2 f5 16. Rae1 Bxf3 17. Bxf3 Ng5 18. Bd1 Rf6 19. Kh2 Raf8 20. f4
Nf7 21. Re2 Nh6 22. Ref2 Rg6 23. g3 Rgf6 24. Bf3 R6f7 25. Bh5 Rf6 26. Bf3
R6f7 27. Rg2 Nf6 28. fxe5 dxe5 29. Qc3 Re8 30. Qc2 Ref8 31. Re1 Re8 32. e4
fxe4 33. Bxe4 Rff8 34. Rge2 Nxe4 35. Rxe4 Nf7 36. h4 Qf6 37. Qg2 Nh6 38.
Kg1 Qf5 39. Bxe5 Qd7 40. Bf4 Ng4 41. Qe2 Nf6 42. Re6 b5 43. Bg5 Rxe6 44.
Qxe6+ Qxe6 45. dxe6 bxc4 46. Bxf6 gxf6 47. Rc1 Re8 48. Rxc4 Rxe6 49. Rxc7
Ra6 50. Rc3 Kg7 51. Kf2 h5 52. Ke2 Kg6 53. Rf3 Rd6 54. a4 Rd4 55. Rb3 Kf5
56. Kf3 Rc4 57. Ke3 Rg4 58. Kf3 Rc4 59. a5 a6 60. b5 axb5 61. Rxb5+ Kg6 62.
Rb3 Ra4 63. Rb5 Rg4 64. Rb3 1/2-1/2

[Event "34th World Open"]
[Site "Philadelphia USA"]
[Date "2006.07.02"]
[Round "5"]
[White "Costigan,R"]
[Black "Gagunashvili,M"]
[Result "0-1"]
[WhiteElo "2312"]
[BlackElo "2560"]
[EventDate "2006.06.28"]

1. d4 Nf6 2. Bf4 g6 3. Nd2 Bg7 4. e4 d6 5. Ngf3 O-O 6. Bc4 Nc6 7. O-O d5 8.
exd5 Nxd5 9. Bxd5 Qxd5 10. c3 Qd8 11. Re1 b6 12. b4 e6 13. a4 Bb7 14. a5
bxa5 15. b5 Ne7 16. Nb3 a6 17. bxa6 Rxa6 18. Rxa5 Rxa5 19. Nxa5 Ba8 20. Nb3
Nd5 21. Bd2 Nb6 22. Nc5 Qd6 23. Ne5 Qd5 24. Qg4 Nc4 25. Nxc4 Qxc4 26. Qg3
Qd5 27. Bf4 Rc8 28. Be5 f6 29. Bf4 e5 30. Qh3 Re8 31. Nd3 Rd8 32. Be3 Qc4
33. Nc5 Bd5 34. Rc1 f5 35. Qh4 Re8 0-1

[Event "34th World Open"]
[Site "Philadelphia USA"]
[Date "2006.07.02"]
[Round "5"]
[White "Milman,L"]
[Black "Zildzic,K"]
[Result "1-0"]
[WhiteElo "2478"]
[BlackElo "2279"]
[EventDate "2006.06.28"]

1. e4 e5 2. Nf3 Nc6 3. Bb5 a6 4. Bxc6 dxc6 5. O-O f6 6. d4 Qd6 7. c3 Bg4 8.
Be3 Ne7 9. Nbd2 Ng6 10. Qc2 Qd7 11. h3 Be6 12. Rfd1 Bd6 13. Nf1 O-O 14. d5
cxd5 15. exd5 Bf5 16. Qe2 Rae8 17. c4 Nf4 18. Bxf4 exf4 19. Qd2 g5 20. Nd4
h5 21. Rac1 f3 22. Nxf3 Bxh3 23. gxh3 Qxh3 24. Qd3 f5 25. Rc3 g4 26. Ng5
Qh4 27. Ne6 Rf7 28. Qd4 b6 29. Rdd3 f4 30. Qe4 Qf6 31. a3 a5 32. Rc2 Kh8
33. Re2 f3 34. Ree3 Qh4 35. Rxf3 1-0

[Event "34th World Open"]
[Site "Philadelphia USA"]
[Date "2006.07.02"]
[Round "5"]
[White "Sarkar,J"]
[Black "Bierkens,P"]
[Result "1/2-1/2"]
[WhiteElo "2355"]
[BlackElo "2232"]
[EventDate "2006.06.28"]

1. d4 d5 2. c4 c6 3. Nf3 Nf6 4. e3 Bf5 5. cxd5 cxd5 6. Qb3 Qb6 7. Qxb6 axb6
8. Nc3 Nc6 9. Bb5 Bd7 10. Bd2 Ra5 11. Ke2 e6 12. a3 Bd6 13. Bd3 Ra8 14. Nb5
Bb8 15. Rhc1 O-O 16. Be1 Ne4 17. Nd2 f5 18. f3 Nd6 19. Nb3 Nxb5 20. Bxb5
Bd6 21. Bg3 f4 22. Bxf4 Bxf4 23. exf4 Na5 24. Bxd7 Nxb3 25. Bxe6+ Kh8 26.
Bxd5 Nxa1 27. Rxa1 Rad8 28. Bxb7 Rxd4 29. b4 Rfd8 30. Ra2 g6 31. Be4 R8d7
32. Ke3 Rc4 33. Rc2 Rxc2 34. Bxc2 Kg7 35. a4 Kf6 36. h4 Rc7 37. Kd3 Ke6 38.
g4 Kd6 39. Bb3 Rc8 40. Bc4 Rf8 41. Ke4 Re8+ 42. Kd4 Re1 43. a5 Rb1 44. Kc3
bxa5 45. bxa5 Kc5 46. a6 Rb4 47. Bd5 Ra4 48. Bb7 Kb6 49. Kd3 Rxf4 50. Ke3
Rb4 51. f4 Rb3+ 52. Ke4 Rh3 53. h5 gxh5 54. gxh5 Rxh5 55. f5 Rh1 56. Kf4
Rf1+ 57. Bf3 Rg1 58. f6 Rg6 59. Kf5 Rxf6+ 60. Kxf6 Kxa6 1/2-1/2

[Event "34th World Open"]
[Site "Philadelphia USA"]
[Date "2006.07.02"]
[Round "5"]
[White "Hess,Ro"]
[Black "Cooke,E"]
[Result "1-0"]
[WhiteElo "2354"]
[BlackElo "2210"]
[EventDate "2006.06.28"]

1. e4 e6 2. d4 d5 3. Nc3 Bb4 4. e5 c5 5. a3 Bxc3+ 6. bxc3 Ne7 7. Nf3 Nbc6
8. a4 Qa5 9. Qd2 f6 10. Bb5 Bd7 11. exf6 gxf6 12. O-O O-O-O 13. Ba3 cxd4
14. Nxd4 Qc7 15. Bxc6 Nxc6 16. Nb5 Qa5 17. Nd6+ Kb8 18. Nf7 Ka8 19. Bb4 Qc7
20. Nxh8 Rxh8 21. f4 f5 22. a5 Bc8 23. Bc5 Rd8 24. Bb6 Qe7 25. Bxd8 Nxd8
26. Rf3 Nf7 27. Re1 Qc7 28. Rfe3 Qxf4 29. Qd4 Qg5 30. Qc5 Kb8 31. Qf8 f4
32. Qxf7 fxe3 33. Qf3 Qd8 34. a6 b6 35. Qxe3 Qd7 36. Qe5+ Ka8 37. c4 dxc4
38. Qe4+ Kb8 39. Qxc4 b5 40. Qc5 Bxa6 41. Qe5+ Ka8 42. Qxe6 Qc7 43. Qxa6
1-0

[Event "34th World Open"]
[Site "Philadelphia USA"]
[Date "2006.07.02"]
[Round "5"]
[White "Taylor,T"]
[Black "Aramil,W"]
[Result "1-0"]
[WhiteElo "2330"]
[BlackElo "2215"]
[EventDate "2006.06.28"]

1. d4 c5 2. d5 e5 3. Nc3 d6 4. e4 Be7 5. f4 Nd7 6. Nf3 a6 7. fxe5 Nxe5 8.
Nxe5 dxe5 9. Be2 Nf6 10. a4 b6 11. O-O Qd6 12. Qd3 Rb8 13. Be3 h5 14. Kh1
Ng4 15. Bg1 g6 16. Rab1 Bg5 17. b4 cxb4 18. Na2 a5 19. c3 bxc3 20. Nxc3 O-O
21. Nb5 Qd7 22. h3 Nf6 23. Qg3 Nxe4 24. Qxe5 Qe7 25. Qxb8 Bf5 26. Qh2 h4
27. Rb3 Nd2 28. Rxf5 gxf5 29. Bd1 Nxb3 30. Bxb3 Qe1 31. Nd4 Be3 32. Nc2
Bxg1 33. Nxe1 Bxh2 34. Kxh2 Re8 35. Nf3 Re3 36. Bc2 Kf8 37. Nxh4 Rc3 38.
Bd1 Rd3 39. Bf3 Rd4 40. Nxf5 Rf4 41. Ne3 Rxa4 42. d6 Ra2 43. Bc6 a4 44. Nd5
Rd2 45. d7 Rxd5 46. Bxd5 Ke7 47. Bc4 a3 48. Bxf7 Kxd7 49. h4 b5 50. Bb3 Ke7
51. h5 Kf6 52. g4 Kg5 53. Kg3 b4 54. Ba2 Kh6 55. Kf4 Kh7 56. g5 Kh8 57. Ke5
1-0